<?xml version="1.0" encoding="UTF-8"?>
<marc:record xmlns:marc="http://www.loc.gov/MARC21/slim">
   <marc:leader>00000nam a2200000 a 4500</marc:leader>
   <marc:datafield ind1="1" ind2=" " tag="100">
      <marc:subfield code="a">Glattauer, Niki</marc:subfield>
      <marc:subfield code="4">aut</marc:subfield>
      <marc:subfield code="e">Verfasser/-in</marc:subfield>
   </marc:datafield>
   <marc:datafield ind1="0" ind2="0" tag="245">
      <marc:subfield code="a">Mitteilungsheft: Leider hat Lukas ...</marc:subfield>
   </marc:datafield>
   <marc:datafield ind1="0" ind2="0" tag="245">
      <marc:subfield code="c">Niki Glattauer u. am Kugelschreiber: Verena Hochleitner</marc:subfield>
   </marc:datafield>
   <marc:datafield ind1=" " ind2="1" tag="264">
      <marc:subfield code="a">Wien</marc:subfield>
      <marc:subfield code="b">Kremayr &amp; Scheriau</marc:subfield>
      <marc:subfield code="c">2013</marc:subfield>
   </marc:datafield>
   <marc:datafield ind1="1" ind2=" " tag="520">
      <marc:subfield code="a">Nur wenige Wochen nachdem das neue Schuljahr begonnen hat, wird das Mitteilungsheft des 13jährigen Sohnes der Familie Gruber zum Austragungsort böser Scharmützel zwischen seinem Klassenvorstand, Prof. Reingard Söllner (Mathe, GZ), und Mutter Gruber, einer erfolgreichen Architektin. Als Mutter Gruber auszurasten droht, übernimmt Vater Gruber das Ruder...</marc:subfield>
   </marc:datafield>
   <marc:datafield ind1=" " ind2=" " tag="020">
      <marc:subfield code="a">9783218008815</marc:subfield>
      <marc:subfield code="9">9783218008815</marc:subfield>
   </marc:datafield>
   <marc:datafield ind1=" " ind2=" " tag="020">
      <marc:subfield code="a">3218008816</marc:subfield>
      <marc:subfield code="9">3218008816</marc:subfield>
   </marc:datafield>
   <marc:datafield ind1=" " ind2=" " tag="300">
      <marc:subfield code="a">191 S. : Ill.</marc:subfield>
   </marc:datafield>
</marc:record>
